<?xml version="1.0" encoding="UTF-8"?>
<record
    xmlns:xsi="http://www.w3.org/2001/XMLSchema-instance"
    xsi:schemaLocation="http://www.loc.gov/MARC21/slim http://www.loc.gov/standards/marcxml/schema/MARC21slim.xsd"
    xmlns="http://www.loc.gov/MARC21/slim">

  <leader>00626nam a22002057a 4500</leader>
  <controlfield tag="005">20230819142020.0</controlfield>
  <controlfield tag="008">230819b           ||||| |||| 00| 0 eng d</controlfield>
  <datafield tag="020" ind1=" " ind2=" ">
    <subfield code="a">9788196174200</subfield>
  </datafield>
  <datafield tag="040" ind1=" " ind2=" ">
    <subfield code="a">IN-DiNC</subfield>
    <subfield code="c">IN-DiNC</subfield>
  </datafield>
  <datafield tag="041" ind1=" " ind2=" ">
    <subfield code="d">eng</subfield>
  </datafield>
  <datafield tag="082" ind1=" " ind2=" ">
    <subfield code="a">658.3</subfield>
    <subfield code="b">SHR</subfield>
  </datafield>
  <datafield tag="100" ind1=" " ind2=" ">
    <subfield code="a">Shrivastava, Vijayendra Kumar</subfield>
    <subfield code="e">author</subfield>
  </datafield>
  <datafield tag="245" ind1=" " ind2=" ">
    <subfield code="a">Basics of human resource management/</subfield>
    <subfield code="c">by Vijayendra Kumar Shrivastava and Pradeep Kumar Mishra</subfield>
  </datafield>
  <datafield tag="250" ind1=" " ind2=" ">
    <subfield code="a">1st ed.</subfield>
  </datafield>
  <datafield tag="260" ind1=" " ind2=" ">
    <subfield code="a">Dibrugarh:</subfield>
    <subfield code="b">Mahaveer publications,</subfield>
    <subfield code="c">2023.</subfield>
  </datafield>
  <datafield tag="300" ind1=" " ind2=" ">
    <subfield code="a">191p.</subfield>
  </datafield>
  <datafield tag="650" ind1=" " ind2=" ">
    <subfield code="a">Human resource planning</subfield>
  </datafield>
  <datafield tag="700" ind1=" " ind2=" ">
    <subfield code="a">Mishra, Pradeep Kumar</subfield>
    <subfield code="e">author</subfield>
  </datafield>
  <datafield tag="942" ind1=" " ind2=" ">
    <subfield code="2">ddc</subfield>
    <subfield code="c">BK</subfield>
  </datafield>
  <datafield tag="999" ind1=" " ind2=" ">
    <subfield code="c">11581</subfield>
    <subfield code="d">11581</subfield>
  </datafield>
  <datafield tag="952" ind1=" " ind2=" ">
    <subfield code="0">0</subfield>
    <subfield code="1">0</subfield>
    <subfield code="2">ddc</subfield>
    <subfield code="4">0</subfield>
    <subfield code="7">0</subfield>
    <subfield code="8">COM</subfield>
    <subfield code="a">MAIN</subfield>
    <subfield code="b">MAIN</subfield>
    <subfield code="c">GEN</subfield>
    <subfield code="d">2023-08-19</subfield>
    <subfield code="g">225.00</subfield>
    <subfield code="l">9</subfield>
    <subfield code="o">658.3 SHR</subfield>
    <subfield code="p">29323</subfield>
    <subfield code="r">2025-11-22 06:55:39</subfield>
    <subfield code="s">2025-11-07</subfield>
    <subfield code="t">1</subfield>
    <subfield code="w">2023-08-19</subfield>
    <subfield code="y">BK</subfield>
  </datafield>
  <datafield tag="952" ind1=" " ind2=" ">
    <subfield code="0">0</subfield>
    <subfield code="1">0</subfield>
    <subfield code="2">ddc</subfield>
    <subfield code="4">0</subfield>
    <subfield code="7">0</subfield>
    <subfield code="8">COM</subfield>
    <subfield code="a">MAIN</subfield>
    <subfield code="b">MAIN</subfield>
    <subfield code="c">GEN</subfield>
    <subfield code="d">2023-08-19</subfield>
    <subfield code="g">225.00</subfield>
    <subfield code="l">15</subfield>
    <subfield code="o">658.3 SHR</subfield>
    <subfield code="p">29324</subfield>
    <subfield code="r">2025-11-15 06:37:47</subfield>
    <subfield code="s">2025-11-01</subfield>
    <subfield code="t">2</subfield>
    <subfield code="w">2023-08-19</subfield>
    <subfield code="y">BK</subfield>
  </datafield>
  <datafield tag="952" ind1=" " ind2=" ">
    <subfield code="0">0</subfield>
    <subfield code="1">0</subfield>
    <subfield code="2">ddc</subfield>
    <subfield code="4">0</subfield>
    <subfield code="7">0</subfield>
    <subfield code="8">COM</subfield>
    <subfield code="a">MAIN</subfield>
    <subfield code="b">MAIN</subfield>
    <subfield code="c">GEN</subfield>
    <subfield code="d">2023-08-19</subfield>
    <subfield code="g">225.00</subfield>
    <subfield code="l">13</subfield>
    <subfield code="o">658.3 SHR</subfield>
    <subfield code="p">29325</subfield>
    <subfield code="r">2025-11-07 05:44:46</subfield>
    <subfield code="s">2025-10-22</subfield>
    <subfield code="t">3</subfield>
    <subfield code="w">2023-08-19</subfield>
    <subfield code="y">BK</subfield>
  </datafield>
  <datafield tag="952" ind1=" " ind2=" ">
    <subfield code="0">0</subfield>
    <subfield code="1">0</subfield>
    <subfield code="2">ddc</subfield>
    <subfield code="4">0</subfield>
    <subfield code="7">0</subfield>
    <subfield code="8">COM</subfield>
    <subfield code="a">MAIN</subfield>
    <subfield code="b">MAIN</subfield>
    <subfield code="c">GEN</subfield>
    <subfield code="d">2023-08-19</subfield>
    <subfield code="g">225.00</subfield>
    <subfield code="l">5</subfield>
    <subfield code="o">658.3 SHR</subfield>
    <subfield code="p">29326</subfield>
    <subfield code="r">2023-12-04 00:00:00</subfield>
    <subfield code="s">2023-11-14</subfield>
    <subfield code="t">4</subfield>
    <subfield code="w">2023-08-19</subfield>
    <subfield code="y">BK</subfield>
  </datafield>
  <datafield tag="952" ind1=" " ind2=" ">
    <subfield code="0">0</subfield>
    <subfield code="1">0</subfield>
    <subfield code="2">ddc</subfield>
    <subfield code="4">0</subfield>
    <subfield code="7">0</subfield>
    <subfield code="8">COM</subfield>
    <subfield code="a">MAIN</subfield>
    <subfield code="b">MAIN</subfield>
    <subfield code="c">GEN</subfield>
    <subfield code="d">2023-08-19</subfield>
    <subfield code="g">225.00</subfield>
    <subfield code="l">7</subfield>
    <subfield code="o">658.3 SHR</subfield>
    <subfield code="p">29327</subfield>
    <subfield code="r">2025-11-29 04:51:35</subfield>
    <subfield code="s">2025-09-24</subfield>
    <subfield code="t">5</subfield>
    <subfield code="w">2023-08-19</subfield>
    <subfield code="y">BK</subfield>
  </datafield>
</record>
